000 00353nam a22001337a 4500
020 _a9788120341371
082 _a658.4092
_bFER/KN
100 _aFernandez, Irma Becerra
245 _aKnowledge management: Systems and processes
260 _aNew Delhi
_bPHI Learning Private Limited
_c2010
300 _a352p
700 _aSabherwal, Rajiv
942 _cBK
999 _c13782
_d13782